Normal view
MARC view
- تأليف الزوزني،الحسين بن أحمد
Entry Personal Name
001 - CONTROL NUMBER
- control field: 24707
003 - CONTROL NUMBER IDENTIFIER
- control field: JO-AjAnu
005 - DATE AND TIME OF LATEST TRANSACTION
- control field: 20230606074230.0
008 - FIXED-LENGTH DATA ELEMENTS
- fixed length control field: 230606|| aca||aabn | a|a d
040 ## - CATALOGING SOURCE
- Original cataloging agency: JO-AjAnu
- Transcribing agency: JO-AjAnu
100 ## - HEADING--PERSONAL NAME
- Personal name: تأليف الزوزني،الحسين بن أحمد
670 ## - SOURCE DATA FOUND
- Source citation: Work cat.: (JO-AjAnu)12710: تأليف الزوزني،الحسين بن أحمد, author, شرح المعلقات السبع لأبي عبدالله الحسين بن أحمد الزوزني ت 486هـ - 1093م